000 00923nam a2200253 a 4500
001 000006737
005 20250711114743.0
008 090902s2001 dr 000 0 spa d
020 _a999348492X
040 _aDO-SdBNP
_bspa
_cBNPHU
082 _a382.7
_bR173m
100 1 _aRamírez Ponce de León, Osiris M.
_918758
245 1 0 _aManual del sistema armonizado /
_cOsiris M. Ramírez ; prólogo Oscar Ramos Valverde.
260 _aSanto Domingo :
_bAlfa & Omega,
_c2001.
300 _a265 p. ;
_c23 cm.
500 _aIncluye datos biográficos del autor en la contracubierta.
590 _aInventariado, 2018/VM
650 4 _aPolítica arancelaria
_98500
650 4 _aClasificación (mercadeo)
_918759
650 0 _aProcedimiento administrativo
_98465
650 4 _aAranceles de aduana
_zRepública Dominicana
_98502
700 1 _aRamos Valverde, Oscar,
_epról.
_918760
910 _aValidado. Control de calidad EMS.
999 _c6526
_d6526